|
|
|
|
| LEADER |
00000cam a2200000 a 4500 |
| 001 |
vtls001124191 |
| 003 |
SK-MaSNL |
| 005 |
20260425224716.0 |
| 008 |
240226s1987 xo frb n 001 0cslo |
| 015 |
|
|
|a SNBA1988/03
|
| 015 |
|
|
|a SNBSAB1987
|
| 020 |
|
|
|q (viazané)
|
| 035 |
|
|
|a SNK000067034
|
| 035 |
|
|
|a CDC3EE65-4302-4E8E-88CE-622A88E5DD09
|
| 035 |
|
|
|a urn:nbn:sk:snk-am00idzr
|
| 040 |
|
|
|a SNK
|b slo
|c SNK
|e AACR2
|
| 041 |
0 |
|
|a slo
|
| 043 |
|
|
|a e-xo---
|
| 044 |
|
|
|a xo
|c SK
|
| 072 |
|
7 |
|a 01
|x Bibliografia. Katalógy
|2 konspekt
|
| 072 |
|
7 |
|a 929
|x Biografie
|2 konspekt
|
| 080 |
|
|
|a 808.54-051:016:929"1925/1975"
|2 1981
|
| 080 |
|
|
|a 016
|2 1981
|
| 080 |
|
|
|a 929"1925/1975"
|2 1981
|
| 080 |
|
|
|a 929(01)"1925/1975"
|2 1981
|
| 080 |
|
|
|a 808.54-051
|2 1981
|
| 080 |
|
|
|a 81'1-051
|2 2011
|
| 080 |
|
|
|a 80:908‑055.1
|2 2011
|
| 080 |
|
|
|a (437.6)
|2 2011
|
| 080 |
|
|
|a 012
|2 2011
|
| 080 |
|
|
|a 016
|2 2011
|
| 080 |
|
|
|a 929(092)
|2 2011
|
| 080 |
|
|
|a 80
|2 2011
|
| 100 |
1 |
|
|a Dvonč, Ladislav,
|d 1926-2003
|4 aut
|9 101854
|
| 245 |
1 |
0 |
|a Slovenskí jazykovedci
|b súborná personálna bibliografia slovenských slovakistov a slavistov (1925-1975)
|c Ladislav Dvonč
|
| 250 |
|
|
|a 1. vyd.
|
| 260 |
|
|
|a V Martine
|b Matica slovenská
|c 1987
|e Martin
|f Matica slovenská
|
| 300 |
|
|
|a 1387 strán
|c 24 cm
|e 1 brožúra
|
| 366 |
|
|
|e 500 výtl.
|
| 490 |
1 |
|
|a Špeciálna bibliografia. Personálna bibliografia
|
| 500 |
|
|
|a Nepredajné. Zoznam skratiek
|
| 500 |
|
|
|a Príloha: Slovenskí jazykovedci Súborná personálna bibliografia slovenských slovakistov a slavistov (1925-1975) opravy a doplnky, 22 strán
|
| 504 |
|
|
|a Obsahuje bibliografiu a menný a vecný register
|
| 648 |
|
7 |
|a 1925-1975
|2 SNKPH
|9 377606
|
| 650 |
0 |
7 |
|a lingvisti
|2 SNKPH
|9 119182
|
| 650 |
0 |
7 |
|a slavisti
|2 SNKPH
|9 85770
|
| 650 |
0 |
7 |
|a slovakisti
|2 SNKPH
|9 71898
|
| 651 |
|
7 |
|a Slovensko
|2 SNKPHgeo
|9 14231
|
| 655 |
|
7 |
|a personálne bibliografie
|2 SNKPH
|9 70198
|
| 655 |
|
7 |
|a odborné bibliografie
|2 SNKPH
|9 70558
|
| 655 |
|
7 |
|a biografie
|2 SNKPH
|9 27965
|
| 752 |
|
|
|a Slovensko
|d Martin
|
| 830 |
|
0 |
|a Špeciálna bibliografia
|p Personálna bibliografia
|9 377607
|
| 852 |
|
|
|a Slovenská národná knižnica
|
| 954 |
|
|
|a odborná, vedecká literatúra pôvodná (slovenská)
|2 lita
|
| 958 |
|
|
|a OND
|
| 958 |
|
|
|a NB
|
| 958 |
|
|
|a SF
|
| 958 |
|
|
|a BX
|
| 958 |
|
|
|a TL
|
| 958 |
|
|
|a PB
|
| 999 |
|
|
|c 621921
|d 623851
|
| 952 |
|
|
|t P60, <04>, [BOOK], {604}
|a SNK
|b SNK
|y VYP
|7 0
|p 17A0076667
|o snkSC 70689 D1
|0 0
|1 0
|4 0
|d 1997-06-30
|l 0
|r 2004-12-31 00:00:00
|w 2026-02-23
|
| 952 |
|
|
|t P60, <03>, [BOOK], {603}
|a SNK
|b SNK
|y PREZ
|7 0
|p 17A0126108
|o snkSC 70689
|i snkKSP 235/87
|3 Dokument obsahuje 1 voľnú brožovanú prílohu (opravy a doplnky)
|0 0
|1 0
|4 0
|d 1998-02-27
|f 1
|l 0
|r 2025-07-21 00:00:00
|w 2026-02-23
|
| 952 |
|
|
|a SNK
|b SNK
|y VYP
|7 0
|p 17A0167872
|o snkSC 70689 D3
|i snkD 2594/89
|8 1
|0 0
|1 0
|4 0
|d 1998-10-29
|l 0
|r 2004-12-31 00:00:00
|w 2026-02-23
|
| 952 |
|
|
|t P60, <04>, [BOOK], {604}
|a SNK
|b SNK
|y VYP
|7 0
|p 17A0096448
|o snkSC 70689 D4
|i snkF 1558/2004
|8 5
|0 0
|1 0
|4 0
|d 2004-10-27
|l 0
|r 2004-12-31 00:00:00
|w 2026-02-23
|
| 952 |
|
|
|a SNK
|b SNK
|y PREZ
|7 0
|p 17A0167851
|o snkSC 70689/príl.
|i snkKSP 235/87
|z Voľná príloha (Opravy a doplnky)
|0 0
|1 0
|4 0
|d 1998-10-29
|f 1
|l 0
|r 2025-07-21 00:00:00
|w 2026-02-23
|
| 952 |
|
|
|t snkSLO/1 808.54:929(016)
|a SNKUST
|b SNKUST
|y PREZ
|7 0
|p 17A0055966
|o snkSC 70689 D2
|i snkD 2593/83
|8 1
|0 0
|1 0
|4 0
|d 1997-03-12
|l 0
|r 2025-05-29 00:00:00
|w 2026-02-23
|